personnages DC COMICS - Statistiques

Statistiques générales
  • Ce quiz a été pris 63 fois
  • Le résultat moyen est 30 sur 158
Statistiques - réponses
Réponse % Correct
batman
98%
superman
95%
wonder woman
95%
green lantern ( hal jordan)
88%
flash ( barry allen)
86%
flash ( jay garrick)
86%
flash ( wally west)
86%
green lantern ( alan scott )
86%
green lantern ( guy gardner)
86%
green lantern ( jessica cruz )
86%
green lantern ( john stewart)
86%
green lantern (simon baz)
86%
joker
81%
robin ( damian wayne)
77%
robin ( tim drake)
74%
aquaman
72%
cyborg
67%
nightwing ( dick grayson)
67%
supergirl
67%
batgirl
65%
green arrow
60%
harley quinn
53%
red hood ( jason todd )
51%
lex luthor
44%
catwoman
42%
poison ivy
35%
shazam
35%
alfred
33%
batwoman
33%
martian manhunter
33%
pingouin
33%
raven
33%
superboy
33%
atom
30%
black adam
30%
double face
30%
hawkgirl
30%
beastboy
28%
darkseid
28%
hawkman
28%
lois lane
23%
bane
21%
deadshot
21%
black manta
19%
deathstroke
19%
krypto
19%
mister freeze
19%
reverse flash
19%
sinestro
19%
aqualad
16%
doomsday
16%
wondergirl
16%
cheetah
14%
doctor fate
14%
killer croc
14%
plasticman
14%
ra's al ghul
14%
red arrow
14%
black canary
12%
blue beetle
12%
constantine
12%
zatana
12%
zod
12%
ares
9%
azrael
9%
clayface
9%
firestorm
9%
lobo
9%
manbat
9%
riddler
9%
atrocitus
7%
booster gold
7%
brainiac
7%
captain cold
7%
huntress
7%
hush
7%
impulse
7%
jim gordon
7%
mera
7%
miss martian
7%
superwoman
7%
talia al ghul
7%
ultraman
7%
anti monitor
5%
atom smasher
5%
bizarro
5%
black lightning
5%
capitaine atom
5%
gorilla grodd
5%
iris west
5%
la question
5%
owlman
5%
peacemaker
5%
solomon grundy
5%
amanda waller
2%
amazo
2%
artemis
2%
black mask
2%
carmine falcon
2%
deathstorm
2%
epouvantail
2%
grid
2%
heatwave
2%
jimmy olsen
2%
killer frost
2%
maroni
2%
mister miracle
2%
ocean master
2%
orion
2%
polka dot man
2%
savitar
2%
stargirl
2%
steppenwolf
2%
steve trevor
2%
swamp things
2%
trigon
2%
vibe
2%
vigilante
2%
vixen
2%
barda
0%
batman qui rit
0%
bloodsport
0%
capitaine boomerang
0%
cyborg superman
0%
deadman
0%
desaad
0%
dexstarr
0%
docteur light
0%
docteur phosphorus
0%
etrigan
0%
frankestein
0%
giganta
0%
gi robot
0%
harvey bullock
0%
jorel
0%
kalibak
0%
katana
0%
kilowog
0%
la fiancee
0%
le haut pere
0%
le maitre des miroirs
0%
l'enchantresse
0%
lucifer
0%
maxwell lord
0%
metamorpho
0%
mister terrifics
0%
paralax
0%
power ring
0%
ratcatcher
0%
red death
0%
rick flag junior
0%
rick flag senior
0%
sivana
0%
starro
0%
star saphire ( carol ferris)
0%
vandal savage
0%
vulco
0%
weasel
0%
Aucun quiz correspondant
Distribution des résultats
% des personnes avec chaque résultat
Percentile par nombre de réponses
Votre historique - résultats
Vous n’avez pas pris ce quiz